|
|
|
|
| LEADER |
00000cam a22000004a 4500 |
| 001 |
musev2_3840 |
| 003 |
MdBmJHUP |
| 005 |
20230905040457.0 |
| 006 |
m o d |
| 007 |
cr||||||||nn|n |
| 008 |
090406s2009 inu o 00 0 eng d |
| 010 |
|
|
|z 2009014577
|
| 020 |
|
|
|a 9780253003911
|
| 020 |
|
|
|z 9780253221346
|
| 020 |
|
|
|z 9780253353788
|
| 035 |
|
|
|a (OCoLC)764534463
|
| 040 |
|
|
|a MdBmJHUP
|c MdBmJHUP
|
| 043 |
|
|
|a e-rm---
|
| 050 |
0 |
4 |
|a DR268.3
|b .B83 2009
|
| 082 |
0 |
|
|a 303.6/6094980904
|2 22
|
| 100 |
1 |
|
|a Bucur, Maria,
|d 1968-
|
| 245 |
1 |
0 |
|a Heroes and Victims :
|b Remembering War in Twentieth-Century Romania /
|c Maria Bucur.
|
| 264 |
|
1 |
|a Bloomington :
|b Indiana University Press,
|c 2009.
|
| 264 |
|
3 |
|a Baltimore, Md. :
|b Project MUSE,
|c 2012
|
| 264 |
|
4 |
|c ©2009.
|
| 300 |
|
|
|a 1 online resource (376 pages):
|b ill., maps ;
|
| 336 |
|
|
|a text
|b txt
|2 rdacontent
|
| 337 |
|
|
|a computer
|b c
|2 rdamedia
|
| 338 |
|
|
|a online resource
|b cr
|2 rdacarrier
|
| 490 |
0 |
|
|a Indiana-Michigan series in Russian and East European studies
|
| 504 |
|
|
|a Includes bibliographical references and index.
|
| 588 |
|
|
|a Description based on print version record.
|
| 650 |
|
0 |
|a Collective memory
|z Romania.
|
| 650 |
|
0 |
|a War memorials
|x Social aspects
|z Romania.
|
| 650 |
|
0 |
|a World War, 1939-1945
|x Social aspects
|z Romania.
|
| 650 |
|
0 |
|a World War, 1914-1918
|x Social aspects
|z Romania.
|
| 650 |
|
0 |
|a War and society
|z Romania.
|
| 650 |
|
0 |
|a Memory
|x Social aspects
|z Romania.
|
| 650 |
|
0 |
|a Memorialization
|z Romania
|x History
|y 20th century.
|
| 651 |
|
0 |
|a Romania
|x History, Military
|y 20th century.
|
| 655 |
|
7 |
|a Electronic books.
|2 local
|
| 710 |
2 |
|
|a Project Muse.
|e distributor
|
| 830 |
|
0 |
|a Indiana-Michigan series in Russian and East European studies.
|
| 830 |
|
0 |
|a Book collections on Project MUSE.
|
| 856 |
4 |
0 |
|z Texto completo
|u https://projectmuse.uam.elogim.com/book/3840/
|
| 945 |
|
|
|a Project MUSE - Custom Collection
|
| 945 |
|
|
|a Project MUSE - Archive Complete Foundation
|
| 945 |
|
|
|a Project MUSE - Archive History Foundation
|
| 945 |
|
|
|a Project MUSE - Archive Russian and East European Studies Foundation
|